000 00369nam a2200133Ia 4500
008 240624s9999 xx 000 0 und d
041 _aeng
082 _a511.3 MAD
100 _aMADDOX RANDALL B
245 _aMATHEMATICAL THINKING AND WRITING A TRAN
260 _c2002
_aCalifornia
_bHardcourt/Academic Press
300 _axviii, : 304 : p. : cm. ; 24
365 _c
_b30
999 _c16415
_d16415